[Event "ESP-ch U12 rapid"]
[Site "Salobrena"]
[Date "2024.07.13"]
[Round "2"]
[White "Kaji Senas, Tarek"]
[Black "Badia Berthelot, Luca"]
[Result "1/2-1/2"]
[WhiteElo "1599"]
[BlackElo "1846"]
[PlyCount "132"]
[EventDate "2024.07.13"]
[EventType "swiss (rapid)"]
[EventRounds "9"]
[EventCountry "ESP"]
[SourceTitle "EXT 2025"]
[Source "ChessBase"]
[SourceDate "2024.10.14"]
[SourceVersion "1"]
[SourceVersionDate "2024.10.14"]
[SourceQuality "1"]

1. e4 e5 2. Nf3 Nc6 3. Bc4 Nf6 4. d3 Be7 5. c3 0-0 6. 0-0 d5 7. Bb3 dxe4 8. dxe4 Qxd1 9. Rxd1 Nxe4 10. Re1 Bf5 11. Nbd2 Nxd2 12. Bxd2 Bf6 13. Ba4 e4 14. Bxc6 bxc6 15. Nd4 Bxd4 16. cxd4 Rfd8 17. Be3 Rab8 18. b3 Rd5 19. Rac1 Rb6 20. Rc2 Kf8 21. Rec1 Bd7 22. h3 f5 23. Kh2 Ke7 24. Bf4 Rb4 25. Be5 g6 26. Kg3 Rbb5 27. Kf4 h6 28. Bg7 Kf7 29. Be5 g5+ 30. Ke3 Rb7 31. Ke2 Kg6 32. g3 Rbb5 33. Ke3 Rb4 34. Rc3 f4+ 35. gxf4 Kf5 36. h4 gxf4+ 37. Bxf4 Rbxd4 38. Bxh6 Rd3+ 39. Rxd3 Rxd3+ 40. Ke2 Kg6 41. Bg5 Bg4+ 42. Ke1 Bf3 43. Rxc6+ Kh5 44. Bd2 e3 45. Rc5+ Kxh4 46. fxe3 c6 47. Rc3 Rd7 48. Kf2 Rxd2+ 49. Kxf3 Rxa2 50. Rxc6 Rb2 51. Ra6 Rxb3 52. Rxa7 Kg5 53. Rf7 Kg6 54. Rf4 Kg7 55. Ke2 Kg6 56. e4 Kg5 57. Rf1 Kg6 58. Rf2 Ra3 59. Rf1 Rb3 60. Ra1 Rh3 61. Ra6+ Kf7 62. e5 Rh5 63. e6+ Ke7 64. Ke3 Re5+ 65. Kd4 Rxe6 66. Rxe6+ Kxe6 1/2-1/2

[Event "ESP-ch U12 rapid"]
[Site "Salobrena"]
[Date "2024.07.13"]
[Round "3"]
[White "Liern Matesanz, Jairo"]
[Black "Kaji Senas, Tarek"]
[Result "1/2-1/2"]
[WhiteElo "1754"]
[BlackElo "1599"]
[PlyCount "68"]
[EventDate "2024.07.13"]
[EventType "swiss (rapid)"]
[EventRounds "9"]
[EventCountry "ESP"]
[SourceTitle "EXT 2025"]
[Source "ChessBase"]
[SourceDate "2024.10.14"]
[SourceVersion "1"]
[SourceVersionDate "2024.10.14"]
[SourceQuality "1"]

1. d4 d5 2. c4 e6 3. Nc3 Nf6 4. Bg5 Bb4 5. Qa4+ Nc6 6. e3 Bxc3+ 7. bxc3 Bd7 8. Qc2 dxc4 9. Bxc4 h6 10. Bxf6 Qxf6 11. e4 Qg6 12. f3 e5 13. d5 Ne7 14. Rb1 Rb8 15. f4 exf4 16. Nf3 Bg4 17. Ne5 Qg5 18. Nxg4 Qxg4 19. 0-0 Ng6 20. Bb5+ Kf8 21. Be2 Qd7 22. Bf3 Kg8 23. c4 Ne5 24. c5 Kh7 25. Qc3 f6 26. Qd2 Rhd8 27. Qxf4 c6 28. Rfd1 Qe7 29. d6 Qf7 30. Qd2 Rd7 31. Be2 Qg6 32. Qf4 Qf7 33. Qd2 Qg6 34. Qf4 Ra8 1/2-1/2

[Event "ESP-ch U12"]
[Site "Salobrena"]
[Date "2024.07.11"]
[Round "6"]
[White "Guirado Lara, Pablo"]
[Black "Kaji Senas, Tarek"]
[Result "1-0"]
[WhiteElo "1774"]
[BlackElo "1602"]
[PlyCount "59"]
[EventDate "2024.07.08"]
[EventType "swiss"]
[EventRounds "9"]
[EventCountry "ESP"]
[SourceTitle "EXT 2025"]
[Source "ChessBase"]
[SourceDate "2024.10.14"]
[SourceVersion "1"]
[SourceVersionDate "2024.10.14"]
[SourceQuality "1"]

1. e4 e5 2. Nf3 Nc6 3. Bc4 Nf6 4. d3 h6 5. c3 d6 6. Bb3 g5 7. h3 Bg7 8. Nbd2 Bd7 9. Nf1 0-0 10. Ng3 Ne7 11. 0-0 c6 12. d4 Qc7 13. Be3 Rad8 14. Qe2 exd4 15. cxd4 Rfe8 16. Rac1 Ng6 17. Qc2 b6 18. e5 Nxe5 19. dxe5 dxe5 20. Ne4 Nxe4 21. Qxe4 c5 22. h4 g4 23. Nh2 Qc8 24. Qg6 Qc6 25. Bxf7+ Kf8 26. Qxc6 Bxc6 27. Bxe8 Kxe8 28. Nxg4 Bd7 29. f3 h5 30. Nf2 1-0

[Event "ESP-ch U12"]
[Site "Salobrena"]
[Date "2024.07.10"]
[Round "4"]
[White "Martinez Mateos, Saul"]
[Black "Kaji Senas, Tarek"]
[Result "1-0"]
[WhiteElo "1769"]
[BlackElo "1602"]
[PlyCount "37"]
[EventDate "2024.07.08"]
[EventType "swiss"]
[EventRounds "9"]
[EventCountry "ESP"]
[SourceTitle "EXT 2025"]
[Source "ChessBase"]
[SourceDate "2024.10.14"]
[SourceVersion "1"]
[SourceVersionDate "2024.10.14"]
[SourceQuality "1"]

1. e4 e5 2. Nc3 Nf6 3. d4 Bb4 4. dxe5 Nxe4 5. Qg4 Nxc3 6. Qxb4 Nd5 7. Qg4 Rg8 8. Qe4 Ne7 9. Qxh7 Nbc6 10. Bg5 Kf8 11. f4 Qe8 12. 0-0-0 Ng6 13. Qh3 Rh8 14. Qa3+ Kg8 15. Nf3 a6 16. h4 Qf8 17. Qe3 f6 18. Bc4+ Kh7 19. h5 1-0

[Event "ESP-ch U10"]
[Site "Salobrena"]
[Date "2022.07.09"]
[Round "9"]
[White "Jimenez Munoz, Carlos"]
[Black "Kaji Senas, Tarek"]
[Result "1/2-1/2"]
[WhiteElo "1137"]
[BlackElo "1346"]
[PlyCount "105"]
[EventDate "2022.07.04"]
[EventType "swiss"]
[EventRounds "9"]
[EventCountry "ESP"]
[SourceTitle "EXT 2023"]
[Source "ChessBase"]
[SourceDate "2022.10.05"]
[SourceVersion "1"]
[SourceVersionDate "2022.10.05"]
[SourceQuality "1"]

1. d4 d5 2. e3 Nf6 3. Bd3 e6 4. f4 c5 5. c3 Be7 6. Nf3 0-0 7. 0-0 b6 8. Qe2 a5 9. a4 Ba6 10. Bxa6 Nxa6 11. Ne5 Qc7 12. Nd2 Nb8 13. Ndf3 Nbd7 14. Kh1 Nxe5 15. Nxe5 Ne4 16. Bd2 f6 17. Ng4 Bd6 18. Nf2 e5 19. Nxe4 dxe4 20. Qc4+ Qf7 21. Qxf7+ Rxf7 22. Rae1 cxd4 23. exd4 exd4 24. Rxe4 dxc3 25. Bxc3 Kf8 26. b4 axb4 27. Bxb4 Bxb4 28. Rxb4 Rb7 29. g3 Ke7 30. Rd1 Rab8 31. Re1+ Kf7 32. h4 b5 33. axb5 Rxb5 34. Rxb5 Rxb5 35. Kg2 g5 36. hxg5 fxg5 37. fxg5 Rxg5 38. Kh3 Kg6 39. Re6+ Kh5 40. Ra6 Rg6 41. Ra4 Kh6 42. Kh4 Kg7 43. Ra7+ Kh8 44. g4 Rg7 45. Ra5 h6 46. Kh5 Rg5+ 47. Rxg5 hxg5 48. Kxg5 Kg7 49. Kf5 Kf7 50. Ke5 Kg6 51. Ke4 Kg5 52. Kf3 Kg6 53. Ke4 1/2-1/2